Nuevas adquisiciones (1940-1944) / Biblioteca Central
Descripción Física:
100 p. ; 21 cm
Materias:
Biblioteca de Catalunya -- Catàlegs
MARC
| LEADER | 00000nam a2200000Ia 4500 | ||
|---|---|---|---|
| 001 | 11012 | ||
| 008 | 160829s1945 xx 000 0 cat d | ||
| 080 | |a A-2-85 | ||
| 110 | 1 | |a Biblioteca de Catalunya |9 52741 | |
| 245 | |a Nuevas adquisiciones (1940-1944) / Biblioteca Central | ||
| 260 | |a Barcelona : |b Excma. Diputación Provincial de Barcelona, |c 1945 | ||
| 300 | |a 100 p. ; |c 21 cm | ||
| 650 | |a Biblioteca de Catalunya |x Catàlegs |9 23702 | ||
| 710 | 1 | |a Barcelona (Catalunya : Província). |b Diputació |9 52408 | |
| 710 | 2 | |a Biblioteca Central (Barcelona, Catalunya) |9 54533 | |
| 901 | |a Arxiu | ||
| 942 | |n 1 | ||
| 952 | |0 0 |1 0 |4 0 |6 A285 |7 1 |9 46408 |a Arxiu |b Arxiu |d 2016-12-01 |l 0 |o A-2-85 |p 11012 |r 2016-12-01 00:00:00 |w 2016-12-01 |y ARXIU | ||
| 999 | |c 50193 |d 50193 | ||